000 00277nam a2200109Ia 4500
008 220120s9999||||xx |||||||||||||| ||und||
100 _aMallesh, Adicherala
245 0 _aUnix and shell programming
260 _aProffestional publication
300 _b0
650 _aELECTRONICS
999 _c136862
_d136862